Word Ladder: Sporcle-Centric Quiz Stats

 Plays Quiz Updated Jul 28, 2012

Support Sporcle.
Go Orange.
Score 0/51 Timer 04:00
1 Play Today
HINT WORD % Correct
✔ WALK ____ AN EGYPTIAN ✔✔ LIKE ✔
98.8%
✔ 'LESS IS ____ ' ✔✔ MORE ✔
90.9%
✔ 'BETTER LATE ____ NEVER' ✔✔ THAN ✔
88%
✔ DON'T ____ WITH MATCHES ✔✔ PLAY ✔
87.4%
Uneaten apple partCORE
85.8%
MaizeCORN
85.3%
Witches' nose bumpWART
84.7%
'____ as a cucumber'COOL
84.4%
Former Italian moneyLIRE
83.8%
Had onWORE
83%
Bad kid's stocking stufferCOAL
82.7%
At that timeTHEN
82.6%
DaybreakMORN
82%
Chicken penCOOP
80.2%
Sail holder-upperMAST
80%
HBO Baltimore TV series, The ____WIRE
79.5%
Cassius or Henry ____CLAY
79.3%
Thunder soundCLAP
79.2%
Shopping stopMART
78.5%
Layer of paintCOAT
78.3%
Smells Like ____ SpiritTEEN
78%
Masked garbage thiefCOON
76.7%
✔ THE ____ SLIM SHADY ✔✔ REAL ✔
76.4%
INC., LTD., or CO. relativeCORP
75.8%
Informal discussionCHAT
74.9%
Clip's hoofbeat partnerCLOP
74.4%
HINT WORD % Correct
Inscrutable detective Charlie ____CHAN
72.3%
✔ GREENWICH MEAN ____✔ TIME ✔
72.1%
Irritating street performerMIME
71.5%
Use like clothingWEAR
71%
ShreddedTORE
70.5%
✔ WRITTEN ROSTER ✔✔ LIST ✔
70.4%
Hitchcock's ____ WindowREAR
69.5%
Sierra or Canadian ____MIST
69.4%
Cannister of 8mm filmREEL
69.1%
Have a strong odorREEK
68.6%
Half a fortnightWEEK
67.1%
J. J. Abrams befuddling TV seriesLOST
66.1%
Boggy fenMIRE
65.9%
June Cleaver's hubbyWARD
63.5%
✔ PASS, CROSS, OR CUSS ____✔ WORD ✔
61.8%
Graduate to solid foodsWEAN
60.9%
Bound volumeTOME
60%
Pennsylvania rock bandWEEN
56.6%
____ Toasties corn flakesPOST
50.7%
Burned mossPEAT
50.7%
Real estate mapPLAT
50.7%
Word ladder actress Amanda ___PEET
46.1%
✔ EFFORT ✔✔ WORK ✔
45.9%
Haiku mongerPOET
45.6%
Autobahn band Kraft____WERK
43.8%

Today's Daily Dose

Word Ladder
ING Words

Get the Picture
Nearest Volcano

From the Vault

Surname Bands

by citkeane

Music 5m
Need inspiration for a band name? Look no further than your last name.
Remove Ads.
Support Sporcle.
Get the best of Sporcle when you Go Orange. This ad-free experience offers more features, more stats, and more fun while also helping to support Sporcle. Thank you for becoming a member.

Show Comments

Extras

Top Quizzes Today


Score Distribution

Your Account Isn't Verified!

In order to create a playlist on Sporcle, you need to verify the email address you used during registration. Go to your Sporcle Settings to finish the process.

Report this User

Report this user for behavior that violates our Community Guidelines.

Details: